[Event "Santo Domingo op 08"]
[Site "Santo Domingo"]
[Date "2019.08.13"]
[Round "2"]
[White "Araujo Sanchez, Josue"]
[Black "Puntier Andujar, Fausto Jiovanny"]
[Result "1-0"]
[WhiteElo "2203"]
[BlackElo "2094"]
[PlyCount "79"]
[EventDate "2019.08.12"]
[EventType "swiss"]
[EventRounds "8"]
[EventCountry "DOM"]
[SourceTitle "EXT 2020"]
[Source "ChessBase"]
[SourceDate "2019.10.17"]
[SourceVersion "1"]
[SourceVersionDate "2019.10.17"]
[SourceQuality "1"]

1. Nf3 Nf6 2. c4 c6 3. g3 d5 4. Bg2 Bf5 5. cxd5 cxd5 6. 0-0 e6 7. d3 Nc6 8. a3 Bd6 9. Nc3 0-0 10. b4 Rc8 11. Bb2 e5 12. Rc1 h6 13. Nxd5 Nxd5 14. e4 Be6 15. exd5 Bxd5 16. b5 Ne7 17. Rxc8 Nxc8 18. Re1 f6 19. Nh4 Bxg2 20. Qb3+ Kh7 21. Kxg2 Qd7 22. d4 exd4 23. Qd3+ Kg8 24. Re4 Re8 25. Rxd4 Qe6 26. Qg6 Qf7 27. Qg4 h5 28. Qd1 Bc5 29. Rd7 Qe6 30. Rxb7 Nd6 31. Rc7 Ne4 32. Qxh5 Ng5 33. Rxg7+ Kxg7 34. Qxg5+ Kf7 35. Qxc5 Qe4+ 36. Nf3 Re7 37. Bd4 Rd7 38. Qh5+ Ke6 39. Qh3+ f5 40. Qh6+ 1-0

[Event "DOM-ch"]
[Site "Santo Domingo"]
[Date "2019.05.03"]
[Round "5"]
[White "Araujo Sanchez, Josue"]
[Black "Puntier Andujar, Fausto Jiovanny"]
[Result "0-1"]
[WhiteElo "2140"]
[BlackElo "2073"]
[PlyCount "90"]
[EventDate "2019.04.26"]
[EventType "swiss"]
[EventRounds "11"]
[EventCountry "DOM"]
[SourceTitle "CBM 190 Extra"]
[Source "ChessBase"]
[SourceDate "2019.07.15"]
[SourceVersion "1"]
[SourceVersionDate "2019.07.15"]
[SourceQuality "1"]

1. e4 e5 2. Nc3 Nc6 3. Bc4 g6 4. Qf3 Nf6 5. Nge2 Bg7 6. d3 h6 7. Be3 0-0 8. 0-0-0 d6 9. Kb1 Na5 10. h3 c6 11. a3 Nxc4 12. dxc4 Qe7 13. Bc1 Be6 14. b3 Rfd8 15. a4 a6 16. Bb2 b5 17. axb5 axb5 18. cxb5 cxb5 19. Nxb5 d5 20. exd5 Nxd5 21. Ng3 Qb7 22. c4 Qa6 23. Kc1 e4 24. Qe2 Nf4 25. Qxe4 Bxb2+ 26. Kxb2 Qa2+ 27. Kc3 Qxf2 28. Rxd8+ Rxd8 29. Nf1 Nd3 30. Nd2 Qc5 31. Qxd3 Rxd3+ 32. Kxd3 Qf2 33. g4 Qg2 34. Re1 Qxh3+ 35. Re3 Qxg4 36. Nd4 Bf5+ 37. Kc3 h5 38. c5 Qf4 39. Rf3 Qe5 40. b4 Bg4 41. Nc4 Qe1+ 42. Nd2 Bxf3 43. N4xf3 Qc1+ 44. Kd4 h4 45. b5 h3 0-1

[Event "Santo Domingo Duarte Memorial 8th"]
[Site "Santo Domingo"]
[Date "2019.01.26"]
[Round "7"]
[White "Puntier Andujar, Fausto Jiovanny"]
[Black "Camacho Campusano, David Daniel"]
[Result "1-0"]
[WhiteElo "2075"]
[BlackElo "2146"]
[PlyCount "77"]
[EventDate "2019.01.18"]
[EventType "swiss"]
[EventRounds "8"]
[EventCountry "DOM"]
[SourceTitle "CBM 188 Extra"]
[Source "ChessBase"]
[SourceDate "2019.02.28"]
[SourceVersion "1"]
[SourceVersionDate "2019.02.28"]
[SourceQuality "1"]

1. d4 Nf6 2. c4 c5 3. Nf3 g6 4. Nc3 cxd4 5. Nxd4 Bg7 6. e4 d6 7. Be2 0-0 8. 0-0 Nc6 9. Be3 Bd7 10. f3 Rc8 11. Qd2 Nxd4 12. Bxd4 Be6 13. b3 Qa5 14. Rfd1 Nd7 15. Bxg7 Kxg7 16. Qd4+ Qe5 17. Qxe5+ Nxe5 18. Rac1 f5 19. exf5 Bxf5 20. Nd5 Kf7 21. f4 Nd7 22. Bf3 a5 23. Re1 e5 24. Rcd1 Rfe8 25. Ne3 e4 26. Nxf5 gxf5 27. Bh5+ Ke6 28. Bxe8 Rxe8 29. Rd5 Nc5 30. Red1 Nd3 31. Kf1 a4 32. R5xd3 exd3 33. Re1+ Kd7 34. Rxe8 Kxe8 35. Ke1 Kd7 36. Kd2 Kc6 37. Kxd3 Kc5 38. bxa4 Kb4 39. g4 1-0

[Event "DOM-ch"]
[Site "Santo Domingo"]
[Date "2018.05.06"]
[Round "11"]
[White "Zorrilla Jimenez, Wilber Edwin"]
[Black "Puntier Andujar, Fausto Jiovanny"]
[Result "1-0"]
[WhiteElo "2082"]
[BlackElo "2133"]
[PlyCount "83"]
[EventDate "2018.04.20"]
[EventType "swiss"]
[EventRounds "11"]
[EventCountry "DOM"]
[SourceTitle "CBM 184 Extra"]
[Source "ChessBase"]
[SourceDate "2018.06.28"]
[SourceVersion "1"]
[SourceVersionDate "2018.06.28"]
[SourceQuality "1"]

1. d4 Nf6 2. Nf3 e6 3. g3 Be7 4. Bg2 0-0 5. 0-0 d5 6. Ne5 c5 7. c4 Nc6 8. cxd5 Nxe5 9. dxe5 Nxd5 10. Qc2 Qc7 11. f4 b6 12. Nc3 Nb4 13. Qb1 Bb7 14. Ne4 Rad8 15. Be3 Ba6 16. Re1 Rd7 17. a3 Nc6 18. Nc3 Rfd8 19. Qc2 Nd4 20. Qa4 Qc8 21. Bxd4 Rxd4 22. Qc2 Rd2 23. Qc1 f5 24. e4 R8d4 25. exf5 exf5 26. Rd1 Qd7 27. Rxd2 Rxd2 28. Qe1 Rxg2+ 29. Kxg2 Qc6+ 30. Kf2 Bb7 31. Ke3 c4 32. Kd2 b5 33. Kc2 a5 34. Rd1 b4 35. Nd5 Bc5 36. e6 Qa4+ 37. Kb1 c3 38. Nxc3 bxc3 39. Rd8+ Bf8 40. e7 Be4+ 41. Ka1 cxb2+ 42. Kxb2 1-0

[Event "DOM-ch"]
[Site "Santo Domingo"]
[Date "2018.04.28"]
[Round "6"]
[White "Puntier Andujar, Fausto Jiovanny"]
[Black "Feliz Dotel, Dewar Bienvenido"]
[Result "0-1"]
[WhiteElo "2133"]
[BlackElo "2042"]
[PlyCount "102"]
[EventDate "2018.04.20"]
[EventType "swiss"]
[EventRounds "11"]
[EventCountry "DOM"]
[SourceTitle "CBM 184 Extra"]
[Source "ChessBase"]
[SourceDate "2018.06.28"]
[SourceVersion "1"]
[SourceVersionDate "2018.06.28"]
[SourceQuality "1"]

1. Nf3 Nf6 2. c4 g6 3. Nc3 Bg7 4. e4 d6 5. d4 0-0 6. Be2 e5 7. d5 a5 8. Bg5 Na6 9. Nd2 Qe8 10. 0-0 Nd7 11. a3 f6 12. Bh4 Nb6 13. b3 Bd7 14. Rb1 f5 15. exf5 Bxf5 16. Nde4 Nc5 17. Nxc5 dxc5 18. Bd3 Nc8 19. Ne4 Bxe4 20. Bxe4 Nd6 21. Bc2 b6 22. Bg5 a4 23. b4 Nxc4 24. Qd3 Nd6 25. bxc5 bxc5 26. Be3 e4 27. Qe2 Bd4 28. Rfd1 Qe5 29. Bxd4 cxd4 30. Rb4 e3 31. f3 Rf4 32. g3 Rf7 33. Rdxd4 Qh5 34. Bd1 Ra5 35. Qxe3 Ra8 36. f4 Qh3 37. Bxa4 Nf5 38. Qe6 Kg7 39. Rdc4 Re7 40. Rxc7 Rxc7 41. Qe5+ Kh6 42. Qxc7 Ne3 43. Kf2 Nxd5 44. Qc6 Qxh2+ 45. Kf3 Nxb4 46. axb4 Rd8 47. Qb5 Rd5 48. Qf1 Qd2 49. Qc4 Rd3+ 50. Kg4 Qe2+ 51. Kh3 Qh5+ 0-1

[Event "DOM-ch"]
[Site "Santo Domingo"]
[Date "2018.04.27"]
[Round "5"]
[White "Rodriguez Pena, Carlos Moises"]
[Black "Puntier Andujar, Fausto Jiovanny"]
[Result "0-1"]
[WhiteElo "2000"]
[BlackElo "2133"]
[PlyCount "74"]
[EventDate "2018.04.20"]
[EventType "swiss"]
[EventRounds "11"]
[EventCountry "DOM"]
[SourceTitle "CBM 184 Extra"]
[Source "ChessBase"]
[SourceDate "2018.06.28"]
[SourceVersion "1"]
[SourceVersionDate "2018.06.28"]
[SourceQuality "1"]

1. e4 c6 2. d4 d5 3. exd5 cxd5 4. Bd3 Nc6 5. c3 Nf6 6. Ne2 g6 7. Nd2 e5 8. dxe5 Nxe5 9. Bb5+ Bd7 10. Bxd7+ Qxd7 11. 0-0 Bg7 12. Nd4 0-0 13. N2f3 Nc4 14. Re1 Rfe8 15. Rxe8+ Rxe8 16. b3 Nd6 17. Bf4 Nfe4 18. Rc1 Qg4 19. Be3 a6 20. h3 Qd7 21. a4 Rc8 22. Ne2 Nf5 23. Bd4 Nxd4 24. Nfxd4 Qd6 25. b4 Rc4 26. Qd3 Bxd4 27. Nxd4 Qxb4 28. Ne2 Qc5 29. Qf3 Rxa4 30. Rd1 Ra2 31. Rd3 Nxf2 32. Rxd5 Nxh3+ 33. Kh1 Qe7 34. Qxh3 Rxe2 35. Qc8+ Kg7 36. Qg4 Re4 37. Qg3 Qh4+ 0-1

[Event "DOM-ch"]
[Site "Santo Domingo"]
[Date "2017.04.29"]
[Round "6"]
[White "Reynoso Henriquez, Juan Bautista"]
[Black "Puntier Andujar, Fausto Jiovanny"]
[Result "1-0"]
[WhiteElo "2063"]
[BlackElo "2107"]
[PlyCount "51"]
[EventDate "2017.04.21"]
[EventType "swiss"]
[EventRounds "11"]
[EventCountry "DOM"]
[SourceTitle "CBM 178 Extra"]
[Source "ChessBase"]
[SourceDate "2017.06.22"]
[SourceVersion "1"]
[SourceVersionDate "2017.06.22"]
[SourceQuality "1"]

1. e4 c5 2. Nf3 Nc6 3. d4 cxd4 4. Nxd4 g6 5. Nc3 Bg7 6. Be3 Nf6 7. Be2 0-0 8. 0-0 d5 9. exd5 Nxd5 10. Nxd5 Qxd5 11. Bf3 Qc4 12. Nxc6 bxc6 13. c3 Rb8 14. Qd2 Bf5 15. Bxa7 Rfd8 16. Qe3 Rxb2 17. Qxe7 Ra8 18. Rad1 Bxc3 19. Bc5 h5 20. Bxc6 Raxa2 21. Bd5 Qxd5 22. Rxd5 Be6 23. Rd8+ Kh7 24. Bd4 Bxd4 25. Rxd4 Re2 26. Rd8 1-0

[Event "DOM-ch"]
[Site "Santo Domingo"]
[Date "2017.04.22"]
[Round "2"]
[White "Guzman, Christopher"]
[Black "Puntier Andujar, Fausto Jiovanny"]
[Result "1-0"]
[WhiteElo "2347"]
[BlackElo "2107"]
[PlyCount "75"]
[EventDate "2017.04.21"]
[EventType "swiss"]
[EventRounds "11"]
[EventCountry "DOM"]
[SourceTitle "CBM 178 Extra"]
[Source "ChessBase"]
[SourceDate "2017.06.22"]
[SourceVersion "1"]
[SourceVersionDate "2017.06.22"]
[SourceQuality "1"]

1. e4 Nf6 2. Nc3 d5 3. exd5 Nxd5 4. Nf3 Bf5 5. Bc4 e6 6. 0-0 Be7 7. Ne2 0-0 8. Ng3 Bg6 9. Ne5 Nb6 10. Bb3 c5 11. d3 Bf6 12. Nxg6 hxg6 13. Ne4 Be5 14. f4 Bd4+ 15. Kh1 Qe7 16. Ng5 Nc6 17. Qg4 Bf6 18. c3 Rad8 19. Bc2 Rd5 20. Qh4 Bxg5 21. fxg5 Rfd8 22. Bf4 Ne5 23. Bb3 Nxd3 24. Bxd5 Nxd5 25. Bd2 e5 26. Rf3 N5f4 27. Raf1 Rd7 28. b3 b5 29. g3 Ne6 30. Qe4 Qd8 31. Be3 a5 32. a4 bxa4 33. bxa4 c4 34. Qxc4 Qa8 35. Kg1 Ne1 36. R3f2 Rd1 37. Qe2 Qe4 38. Qxd1 1-0

[Event "Santo Domingo Cerrado op 2nd"]
[Site "Santo Domingo"]
[Date "2016.05.28"]
[Round "5"]
[White "Camacho Campusano, David Daniel"]
[Black "Puntier Andujar, Fausto Jiovanny"]
[Result "0-1"]
[WhiteElo "2092"]
[BlackElo "2094"]
[PlyCount "44"]
[EventDate "2016.05.20"]
[EventType "swiss"]
[EventRounds "6"]
[EventCountry "DOM"]
[SourceTitle "CBM 172 Extra"]
[Source "ChessBase"]
[SourceDate "2016.06.21"]
[SourceVersion "1"]
[SourceVersionDate "2016.06.21"]
[SourceQuality "1"]

1. e4 e5 2. d4 exd4 3. Qxd4 Nc6 4. Qe3 Nf6 5. Nc3 Bb4 6. Bd2 0-0 7. 0-0-0 Re8 8. Qg3 Rxe4 9. Bd3 Rg4 10. Qh3 d6 11. f3 Rd4 12. g4 Ne5 13. Bf5 Bxf5 14. gxf5 Nc4 15. Bg5 Bxc3 16. bxc3 Rxd1+ 17. Kxd1 Qe7 18. Ne2 Re8 19. Ng3 Qe5 20. Qg2 Qxc3 21. Ne2 Qa1+ 22. Nc1 Nd5 0-1

[Event "DOM-ch"]
[Site "Santo Domingo"]
[Date "2015.05.08"]
[Round "5"]
[White "Reyes Capellan, Elby"]
[Black "Puntier Andujar, Fausto Jiovanny"]
[Result "0-1"]
[WhiteElo "1980"]
[BlackElo "2143"]
[PlyCount "94"]
[EventDate "2015.05.01"]
[EventType "swiss"]
[EventRounds "11"]
[EventCountry "DOM"]
[SourceTitle "CBM 166 Extra"]
[Source "ChessBase"]
[SourceDate "2015.06.18"]
[SourceVersion "1"]
[SourceVersionDate "2015.06.18"]
[SourceQuality "1"]

1. d4 d5 2. c4 c6 3. Nf3 Nf6 4. Nc3 e6 5. e3 Nbd7 6. Bd3 dxc4 7. Bxc4 b5 8. Bd3 Bb7 9. 0-0 a6 10. Rb1 c5 11. Re1 Be7 12. e4 cxd4 13. Nxd4 Ne5 14. Bc2 Rc8 15. a3 0-0 16. Bf4 Nc4 17. e5 Nd5 18. Qd3 g6 19. Bh6 Re8 20. Nxd5 Qxd5 21. Nf3 Qxd3 22. Bxd3 Red8 23. Be4 Bxe4 24. Rxe4 Rd3 25. Ree1 Rcd8 26. Rec1 Rb3 27. a4 Rxb2 28. axb5 Rxb1 29. Rxb1 axb5 30. Kf1 b4 31. Ke2 Na3 32. Rb3 Nb5 33. Bd2 Nd4+ 34. Nxd4 Rxd4 35. Rd3 Re4+ 36. Re3 b3 37. Kd3 Rh4 38. h3 Bg5 39. Re2 Bxd2 40. Rxd2 Rb4 41. Kc3 Rb5 42. f4 g5 43. fxg5 Kg7 44. Rb2 Rxe5 45. Kxb3 Rb5+ 46. Kc3 Rxb2 47. Kxb2 Kg6 0-1

[Event "Santo Domingo op"]
[Site "Santo Domingo"]
[Date "2006.11.03"]
[Round "6"]
[White "Puntier Andujar, Fausto Jiovanny"]
[Black "Estrada Nieto, Julian"]
[Result "1/2-1/2"]
[WhiteElo "2165"]
[BlackElo "2379"]
[PlyCount "58"]
[EventDate "2006.10.31"]
[EventType "swiss"]
[EventRounds "9"]
[EventCountry "DOM"]
[SourceTitle "EXT 2007"]
[Source "ChessBase"]
[SourceDate "2006.11.23"]
[SourceVersion "1"]
[SourceVersionDate "2006.11.23"]
[SourceQuality "1"]

1. e4 e5 2. Nf3 Nc6 3. Bb5 a6 4. Ba4 Nf6 5. 0-0 Be7 6. Re1 b5 7. Bb3 d6 8. c3 0-0 9. h3 Na5 10. Bc2 c5 11. d4 Qc7 12. Nbd2 Rd8 13. d5 c4 14. Nf1 Nb7 15. a4 Bd7 16. Ng3 Nc5 17. axb5 axb5 18. Rxa8 Rxa8 19. Nh4 g6 20. Bg5 Ra2 21. Qf3 Qd8 22. Bc1 Ne8 23. Nhf5 gxf5 24. exf5 Nf6 25. Bh6 Bf8 26. Bg5 h6 27. Qe3 Nxd5 28. Bxd8 Nxe3 29. Rxe3 Rxb2 1/2-1/2